000 00297nam a22001337a 4500
008 170505b xxu||||| |||| 00| 0 eng d
020 _a9780791430620
041 _aeng
080 _a347
100 _a15
101 _aSHJ
245 _aTAKING SUFFERING SERIOUSLY
_cFELICE, W.F
942 _2udc
_cBK
999 _c12759
_d12759